{"text_format":"1","workbook":"xlsx","n_sheets":6,"sheets":["Сводный лист","СКС","Монтаж ВН","СКУД","Звук Bose","Видеокамеры"],"not_rendered":{"charts":0,"images":0,"macros":1,"external_links":0,"defined_names":6,"comments":0,"pivot_tables":0},"unopened":[],"bounds":{"document_bytes":16777216,"sheet_cells":100000,"rows_first":2000,"rows_last":500,"rows_between":2000,"halvings":0,"cell_chars":16384,"cell_head_chars":4096},"cells_cut":0,"cells_raw":0,"read":"whole","date_system":"1900"}

{"sheet":"Сводный лист","index":0,"n_rows":32,"n_cols":10,"rows_kept":32,"cut":false,"hidden":false,"merged":[[6,0,6,4],[7,0,7,3],[17,0,17,1],[17,2,17,3],[0,0,0,2],[1,0,1,3],[2,0,2,3],[3,0,3,3],[4,0,4,4],[5,0,5,3]]}
[]
[]
[]
[]
[]
[null,null,null,null,null,null,55,55,55,55]
[null,null,null,null,null,null,55,55,55,55]
[null,null,null,null,null,null,55,55,55,55]
["№\nп/п","Подсистема","Сумма, оборудование и материалы, руб.","Сумма, монтажные работы, руб.","Итого, руб.",null,55,55,55,55]
[1,2,3,4,5,null,55,55,55,55]
[1,"Структурированная кабельная система",183509,106105,289614,null,55,55,55,55]
[2,"Система видеонаблюдения",45529,106390,151919,null,55,55,55,55]
[3,"Система контроля и управления доступом",86032.206200000001,58720,144752.20620000002,null,55,55,55,55]
[4,"Система фонового звучания",146160,22550,168710,null,55,55,55,55]
[5,"Видеокамеры (оборудование)",503025,0,503025,null,55,55,55,55]
[null,"Итого:",964255.20620000002,293765,1258020.2061999999,null,55,55,55,55]
[null,null,null,null,null,null,55,55,55,55]
[null,null,null,null,null,null,55,55,55,55]
[null,null,null,null,null,null,55,55,55,55]
[null,null,null,null,null,null,55,55,55,55]
[null,null,null,null,null,null,55,55,55,55]
[null,null,null,null,null,null,55,55,55,55]
[null,null,null,null,null,null,55,55,55,55]
[null,44,44,44,44,44,55,55,55,55]
[null,44,44,44,44,44,55,55,55,55]
[null,44,44,44,44,44,55,55,55,55]
[null,44,44,44,44,44]
[null,44,44,44,44,44]
[null,44,44,44,44,44]
[null,44,44,44,44,44]
[null,44,44,44,44,44]
[null,44,44,44,44,44]

{"sheet":"СКС","index":1,"n_rows":90,"n_cols":14,"rows_kept":90,"cut":false,"hidden":false,"merged":[[5,0,5,6],[6,0,6,6],[7,0,7,6],[58,2,58,3],[15,0,15,5],[57,0,57,5],[16,0,16,6],[27,0,27,5],[50,0,50,6],[56,0,56,5],[89,0,89,5],[86,0,86,5],[87,0,87,5],[88,0,88,5],[0,0,0,3],[1,0,1,4],[2,0,2,4],[3,0,3,1],[69,0,69,6],[59,0,59,6],[49,0,49,5],[64,0,64,6],[68,0,68,5],[28,0,28,6],[63,0,63,5],[10,0,10,6]]}
[]
[]
[]
[]
[]
[]
[]
[]
[]
["№","Каталожный номер","наименование","цена ","кол-во","ед.","сумма"]
["Материалы. Стойки"]
[1,"TWFS-2266-SR-RAL9004","Hyperline TWFS-2266-SR-RAL9004 Шкаф настенный 19-дюймовый (19\"), 22U, 1086x600х600мм, металлическая передняя дверь с замком, две боковые панели, цвет черный (RAL 9004) (разобранный)",11897,1,"шт. ",11897]
[2,"CNS-M6-12","Hyperline CNS-M6-12 Комплект винт M6, квадратная гайка, шайба (12 мм)",10,200,"шт. ",2000]
[3,"SHT19-9SH-2.5IEC ","Hyperline SHT19-9SH-2.5IEC Блок розеток для 19\" шкафов, горизонтальный, 9 розеток, 10 A, шнур IEC 320 C14 2.5м",2011,1,"шт. ",2011]
[4,null,"Кабель ВВГнг-LS 3x1.5 плоский ГОСТ",29,20,"м.",580]
["сумма:",null,null,null,null,null,16488]
["Материалы. Оптические компоненты"]
[1,"КСу-24-1U 1-КУ","КСу-24-1U 1-КУ Бокс оптический 19\", со сплайс пластиной, без модулей, без лицевых панелей (требуется 3 шт), без пигтейлов и проходных адаптеров (432x210x44 мм), серый",872,1,"шт.",872]
[2,"FO-WBX-4UN-MK","Бокс оптический настенный на 4 порта (SC, duplex LC, ST, FC) с держателем для 8 КДЗС, фиксатор центрального силового элемента, держатель оболочки кабеля (без пигтейлов и проходных адаптеров)",1051,1,"шт.",1051]
[3,null,"КСу Лицевая панель (модуль) для установки 8-SC(DLC), серая",31,1,"шт.",31]
[4,null,"Ксу Лицевая панель (модуль) заглушка, серая",31,2,"шт.",62]
[5,"SC-SC-SM","Hyperline SC-SC-SM Проходной адаптер SC-SC, SM (для одномодового кабеля), simplex, (синий)",145,8,"шт.",1160]
[6,"FO-STUB-SSC","Hyperline FO-STUB-SSC Заглушка отверстия под адаптер simplex SC",10,4,"шт.",40]
[7,"FPT9-9-SC-UPC-1M","Hyperline FPT-B9-9-SC/UR-1M-LSZH-YL (FPT9-9-SC-UPC-1M) Пигтейл волоконно-оптический SM 9/125 (OS2), SC/UPC, 1 м, LSZH",123,8,"шт.",984]
[8,"FO-FFSPS-40","Hyperline FO-FFSPS-40 Комплект деталей для защиты места сварки, КДЗС (40 мм)",8,8,"шт.",64]
[9,"FC-9-LC-SC-UPC-3M","Hyperline FC-D2-9-LC/UR-SC/UR-H-3M-LSZH-YL (FC-9-LC-SC-UPC-3M) Патч-корд волоконно-оптический (шнур) SM 9/125 (OS2), LC/UPC-SC/UPC, duplex, LSZH, 3 м",583,4,"шт.",2332]
[10,"FO-D-IN-9-4-FRPVC","Hyperline FO-DT-IN-9-4-PVC-YL (FO-D-IN-9-4-FRPVC) Кабель волоконно-оптический 9/125 (OS2) одномодовый, 4 волокна, плотное буферное покрытие (tight buffer), для внутренней прокладки, PVC, -25°C - +75°C, желтый",47,120,"м.",5640]
["сумма:",null,null,null,null,null,12236]
["Материалы. Пассивные компоненты"]
[1,"UTP4-C5E-SOLID-GY-305 ","Hyperline UUTP4-C5E-S24-IN-PVC-GY-305 (UTP4-C5E-SOLID-GY-305) (305 м) Кабель витая пара, неэкранированная U/UTP, категория 5e, 4 пары (24 AWG), одножильный (solid), PVC, -20°C – +75°C, серый - гарантия: 15 лет компонентная; 25 лет системная",4800,8,"шт.",38400]
[2,"PP2-19-24-8P8C-C5e-110D","Hyperline PP2-19-24-8P8C-C5e-110D Патч-панель 19\", 1U, 24 портов RJ-45, категория 5e, Dual IDC",1497,4,"шт.",5988]
[3,"CM-1U-PL","Hyperline CM-1U-PL Кабельный организатор с пластиковыми кольцами, 19\", 1U",315,6,"шт.",1890]
[4,"PC-LPM-UTP-RJ45-REV-RJ45-C5e-1M-GY","Hyperline PC-LPM-UTP-RJ45-REV-RJ45-C5e-1M-GY Реверсивный Патч-корд U/UTP, Cat.5e, 1 м, серый",58,56,"шт.",3248]
[5,"PC-LPM-UTP-RJ45-RJ45-C5e-3M-GY","Hyperline PC-LPM-UTP-RJ45-RJ45-C5e-3M-GY Патч-корд U/UTP, Cat.5е, 3 м, серый",120,56,"шт.",6720]
[6,"SIP2-1K-M45-22.5","Hyperline SIP2-1K-M45-22.5 Вставка 45x22,5 (аналог Mosaic) для 1 модуля формата Keystone Jack, со шторкой",35,46,"шт.",1610]
[7," KJ2-8P8C-C5e-90-GY","Hyperline KJ2-8P8C-C5e-90-GY Вставка Keystone Jack RJ-45(8P8C), категория 5e, Dual IDC, серая",51,46,"шт.",2346]
[8,770239,"Розетка информационная Valena, 5e, UTP, 2xRJ-45, кат. 5е, цвет алюминий",835,3,"шт.",2505]
[9,770151,"Рамка Valena 1 пост, алюминий",171,3,"шт.",513]
[10,30033,"Кабель-канал с перегородкой 75х20",307,38,"м.",11666]
[11,33609,"Накладка на стык 75х20, белая",57,38,"шт.",2166]
[12,30300,"Заглушка торцевая для короба 75х20",85,13,"шт.",1105]
[13,30303,"Угол плоский переменный для мини-канала 75х20",342,4,"шт.",1368]
[14,30226,"Ответвление Т-образное в 3-х плоскостях, 60х20/16, 75x20 мм",731,2,"шт.",1462,null,77,77,77,77,77,77]
[15,30301,"Угол внутренний для короба 75х20",217,1,"шт.",217,null,77,77,77,77,77,77]
[16,30378,"Суппорт Mosaic для кабель-канала 75х20 на 2 модуля",216,17,"шт.",3672,null,77,77,77,77,77,77]
[17,80051,"Batibox Коробка для сухих перегородок 1-местная, глубиной 50 мм",95,1,"шт.",95,null,77,77,77,77,77,77]
[18,80052,"Batibox Коробка для сухих перегородок 2-местная, глубина 50 мм",230,1,"шт.",230,null,77,77,77,77,77,77]
[19,89630,"Коробка встраиваемая для напольных коробок на 10/12 модулей, для заливки в бетон",3293,5,"шт.",16465,null,77,77,77,77,77,77]
[20,89620,"Коробка напольная неукомплектованная на 10 модулей, вертикальная, глубиной 65 мм, с крышкой из стали, серая",7659,5,"шт.",38295,null,77,77,77,77,77,77]
["сумма:",null,null,null,null,null,139961,null,77,77,77,77,77,77]
["Крепёж, расходники, трассы",null,null,null,null,null,null,null,77,77,77,77,77,77]
[1,null,"91925 Труба гибкая гофрированная 25 мм из самозатухающего ПВХ-пластиката, лёгкая со стальной протяжкой, цвет серый (RAL 7035), от -5C до +60С",10,600,"м.",6000,null,77,77,77,77,77,77]
[2,null,"Держатель - клипса для труб д.25мм (250)",2,600,"м.",1200,null,77,77,77,77,77,77]
[3,null,"Диаметр 25мм. Труба жесткая, ПВХ, легкая, цвет серый (RAL 7035)L=2м",16,24,"м.",384,null,77,77,77,77,77,77]
[4,null,"Маркировка LM 34/18 WS для UTP 4pr. самоламинир., бел полиэстер ",4,60,"шт.",240,null,77,77,77,77,77,77]
[5,null,"Дополнительный крепеж (стяжки, саморезы и пр.)",7000,1,"компл.",7000,null,77,77,77,77,77,77]
["сумма:",null,null,null,null,null,14824,null,77,77,77,77,77,77]
["общая сумма за оборудование и материалы",null,null,null,null,null,183509,null,77,77,77,77,77,77]
["№","наименование","цена ",null,"кол-во","ед.","сумма",null,77,77,77,77,77,77]
["Работы. Стойки",null,null,null,null,null,null,null,77,77,77,77,77,77]
[1,null,"Монтаж и сборка телекоммуникационной шкафа 22U",2200,1,"шт.",2200,null,77,77,77,77,77,77]
[2,null,"Монтаж пассивного сетевого оборудования за 1U",45,10,"шт.",450,null,77,77,77,77,77,77]
[3,null,"Заземление стойки",600,1,"шт.",600,null,77,77,77,77,77,77]
["сумма:",null,null,null,null,null,3250,null,77,77,77,77,77,77]
["Работы. Оптика",null,null,null,null,null,null,null,77,77,77,77,77,77]
[1,null,"Сборка и монтаж оптических боксов",1200,2,"шт.",2400,null,77,77,77,77,77,77]
[2,null,"Укладка оптических кабелей в подготовленные трассы на высоте более 3 м.",90,120,"м.",10800,null,77,77,77,77,77,77]
[3,null,"Сварка оптического волокна ",750,8,"шт.",6000,null,77,77,77,77,77,77]
["сумма:",null,null,null,null,null,19200,null,77,77,77,77,77,77]
["Работы. Кабельные работы СКС",null,null,null,null,null,null,null,77,77,77,77,77,77]
[1,null,"Штробление пола под монтаж лючка",380,15,"м.",5700,null,77,77,77,77,77,77]
[2,null,"Монтаж закладных ПНД труб ",25,24,"м.",600,null,77,77,77,77,77,77]
[3,null,"Подготовка кабеля за 1 м (размотка, маркировка, отмерение длины, нарезка)",2.5,2440,"м.",6100,null,77,77,77,77,77,77]
[4,null,"Укладка кабелей кат 5е в гофре/металлорукаве на стяжки",14,2440,"м.",34160,null,77,77,77,77,77,77]
[5,null,"Монтаж суппорта",45,17,"шт.",765,null,77,77,77,77,77,77]
[6,null,"Монтаж подстаканника в гипсокартонную перегородку",20,2,"шт.",40,null,77,77,77,77,77,77]
[7,null,"Кроссировка розеток RJ45 за порт",45,56,"шт.",2520,null,77,77,77,77,77,77]
[8,null,"Кроссировка патч/кросс панелей за порт",55,64,"шт.",3520,null,77,77,77,77,77,77]
[9,null,"Маркировка кабелей, патч панелей, розеток за порт",20,64,"шт.",1280,null,77,77,77,77,77,77]
[10,null,"Тестирование кабельной системы кат.5е (Fluke DSP). Протоколы измерений. ",60,64,"шт.",3840,null,77,77,77,77,77,77]
[11,null,"Сверление, пробивка проходных отверстий диаметром более 50 мм",1250,3,"шт.",3750,null,77,77,77,77,77,77]
[12,null,"Сверление, пробивка проходных отверстий диаметром до 50 мм",150,5,"шт.",750,null,77,77,77,77,77,77]
[13,null,"Монтаж кабельного канала",65,38,"м.",2470,null,77,77,77,77,77,77]
[14,null,"Монтаж аксессуаров на кабельный канал",20,58,"шт.",1160,null,77,77,77,77,77,77]
[15,null,"Монтаж напольных люков в бетонный пол",2800,5,"шт.",14000]
[16,null,"Транспортные и накладные расходы",3000,1,"компл.",3000]
["сумма:",null,null,null,null,null,83655]
["Общая сумма за работы:",null,null,null,null,null,106105]
["Итого с учетом работ, оборудования и материалов",null,null,null,null,null,289614]
["В том числе НДС 18%",null,null,null,null,null,44178.406779661018]

{"sheet":"Монтаж ВН","index":2,"n_rows":47,"n_cols":14,"rows_kept":47,"cut":false,"hidden":false,"merged":[[44,0,44,5],[45,0,45,5],[46,0,46,5],[17,0,17,6],[41,0,41,6],[43,0,43,5],[26,2,26,3],[27,0,27,6],[34,0,34,5],[35,0,35,6],[40,0,40,5],[24,0,24,5],[25,0,25,5],[10,0,10,6],[16,0,16,5],[0,0,0,4],[1,0,1,5],[2,0,2,5],[8,0,8,6],[3,0,3,1],[5,0,5,6],[6,0,6,6],[7,0,7,6]]}
[]
[]
[]
[]
[]
[]
[]
[]
[]
["№","Каталожный номер","наименование","цена ","кол-во","ед.","сумма"]
["Оборудование и материалы"]
[3,"UTP4-C5E-SOLID-BK-305","Hyperline UUTP4-C5E-S24-IN-PVC-BK-305 (UTP4-C5E-SOLID-BK-305) (305 м) Кабель витая пара, неэкранированная U/UTP, категория 5e, 4 пары (24 AWG), одножильный (solid), PVC, -20°C – +75°C, черный - гарантия: 15 лет компонентная; 25 лет системная",4800,5,"шт.",24000,null,100,100,100,100,100,100]
[4,"COAX-RG6-10","Hyperline COAX-RG6-100 Кабель коаксиальный RG-6, 75 Ом (ТВ, SAT, CATV), жила - 18 AWG (1.02 mm, омедненная сталь), PVC, черный (бухта 100 м)",1689,2,"шт.",3378,null,100,100,100,100,100,100]
[5,"PP2-19-24-8P8C-C5e-110D","Hyperline PP2-19-24-8P8C-C5e-110D Патч-панель 19\", 1U, 24 портов RJ-45, категория 5e, Dual IDC",1497,1,"шт.",1497,null,100,100,100,100,100,100]
[6,"CM-1U-PL","Hyperline CM-1U-PL Кабельный организатор с пластиковыми кольцами, 19\", 1U",315,1,"шт.",315,null,100,100,100,100,100,100]
[7,"PC-LPM-UTP-RJ45-REV-RJ45-C5e-1M-GY","Hyperline PC-LPM-UTP-RJ45-REV-RJ45-C5e-1M-GY Реверсивный Патч-корд U/UTP, Cat.5e, 1 м, серый",58,25,"шт.",1450,null,100,100,100,100,100,100]
["сумма:",null,null,null,null,null,30640,null,100,100,100,100,100,100]
["Крепёж и расходники",null,null,null,null,null,null,null,100,100,100,100,100,100]
[1,"PLUG-8P8C-U-C5-100 ","Hyperline PLUG-8P8C-U-C5-100 Разъем RJ-45(8P8C) под витую пару, категория 5e (50 µ\"/ 50 микродюймов), универсальный (для одножильного и многожильного кабеля) (100 шт)",644,1,"шт.",644,null,100,100,100,100,100,100]
[2,null,"91920 Труба гибкая гофрированная 20 мм из самозатухающего ПВХ-пластиката, лёгкая со стальной протяжкой, цвет серый (RAL 7035), от -5C до +60С",8,800,"м.",6400,null,100,100,100,100,100,100]
[3,null,"Держатель - клипса для труб д.20мм (250)",2,800,"шт.",1600,null,100,100,100,100,100,100]
[4,null,"Коробка распределительная 85x85x40 квадратная 6 вводов IP54 о/п",45,25,"шт.",1125,null,100,100,100,100,100,100]
[5,null,"Маркировка LM 34/18 WS для UTP 4pr. самоламинир., бел полиэстер ",4,30,"шт.",120,null,100,100,100,100,100,100]
[6,null,"Расходные материалы, крепеж",5000,1,"компл.",5000,null,100,100,100,100,100,100]
["сумма:",null,null,null,null,null,14889,null,100,100,100,100,100,100]
["общая сумма за оборудование и материалы",null,null,null,null,null,45529,null,100,100,100,100,100,100]
["№","наименование","цена ",null,"кол-во","ед.","сумма",null,100,100,100,100,100,100]
["Работы. Кабельные работы",null,null,null,null,null,null,null,100,100,100,100,100,100]
[1,null,"Укладка кабелей ВН на стяжки",19,1525,"м.",28975,null,100,100,100,100,100,100]
[2,null,"Укладка коаксиального кабеля на стяжки",22,200,"м.",4400,null,100,100,100,100,100,100]
[3,null,"Монтаж распределительных коробок системы видеонаблюдения",175,25,"шт.",4375,null,100,100,100,100,100,100]
[5,null,"Тестирование кабельных соединений",60,25,"шт.",1500,null,100,100,100,100,100,100]
[6,null,"Маркировка за кабель",20,30,"шт.",600]
[7,null,"Монтаж пассивного сетевого оборудования за 1U",45,2,"шт.",90]
["сумма:",null,null,null,null,null,39940]
["Работы. Монтаж видеокамер"]
[1,null,"Кроссировка разъема RJ-45",45,25,"шт.",1125]
[2,null,"Кроссировка патч/кросс панелей за порт",55,25,"шт.",1375]
[3,null,"Монтаж, сборка и настройка внутренней IP видеокамеры",2100,18,"шт.",37800]
[4,null,"Монтаж, сборка и настройка уличной IP видеокамеры",2450,7,"шт.",17150]
["сумма:",null,null,null,null,null,57450]
["Работы. Подключение и настройка оборудования"]
[1,null,"Пуско-наладка системы",9000,1,"шт.",9000]
["сумма:",null,null,null,null,null,9000]
["Общая сумма за работы:",null,null,null,null,null,106390]
["Итого с учетом работ, оборудования и материалов",null,null,null,null,null,151919]
["В том числе НДС 18%",null,null,null,null,null,23174.084745762713]

{"sheet":"СКУД","index":3,"n_rows":51,"n_cols":12,"rows_kept":51,"cut":false,"hidden":false,"merged":[[49,0,49,5],[50,0,50,5],[44,0,44,5],[33,0,33,6],[39,0,39,5],[45,0,45,6],[47,0,47,5],[48,0,48,5],[24,0,24,6],[30,0,30,5],[31,0,31,5],[32,2,32,3],[40,0,40,6],[18,0,18,5],[19,0,19,6],[23,0,23,5],[0,0,0,3],[1,0,1,4],[2,0,2,4],[7,0,7,6],[10,0,10,6],[3,0,3,1],[5,0,5,6],[6,0,6,6]]}
[]
[]
[]
[]
[]
[]
[]
[]
[]
["№","Каталожный номер","наименование","цена ","кол-во","ед.","сумма"]
["Оборудование СКУД"]
[5,"С2000-2","Контроллер доступа на два считывателя. Интерфейс Touch Memory или Виганд. Объем памяти - 32768 пользователей. Два охранных шлейфа и два выходных реле.",3292.2212399999999,5,"шт.",16461.106199999998,null,50,50,50,50]
[7,"Matrix III EH","Бесконтактный считыватель proxi-карт EM-marine/HID, выход Wiegand26/TM",1599.42,10,"шт.",15994.2,null,50,50,50,50]
[11,"AL-350FB-02","Замок AL-350FB-02 влагозащищённый электромагнитный.  Удерживающее усилие 350 кГс.",3788.1,5,"шт.",18940.5,null,50,50,50,50]
[12,"MK-AL-350","Монтажный комплект, в комплекте: монтажный уголковый кронштейн, декоративный кожух и элементы крепления",1307.1080000000002,5,"шт.",6535.5400000000009,null,50,50,50,50]
[13,"ИО 102-20Б2П","Магнитоконтактный на размыкание, пласт. корпус малогабаритный",173.97199999999998,5,"шт.",869.8599999999999,null,50,50,50,50]
[14,"Рапан 40А","ББП 12 В, 4 А. Корпус под АКБ 7 Ач, защита АКБ",1450,5,"шт.",7250,null,50,50,50,50]
[15,null,"Аккумулятор 12В, 17Ач",854,5,"шт.",4270,null,50,50,50,50]
["сумма:",null,null,null,null,null,70321.206200000001,null,50,50,50,50]
["Материалы. Кабели СКУД",null,null,null,null,null,null,null,50,50,50,50]
[1,"UTP4-C5E-SOLID-GN-305","Hyperline UUTP4-C5E-S24-IN-PVC-GN-305 (UTP4-C5E-SOLID-GN-305) (305 м) Кабель витая пара, неэкранированная U/UTP, категория 5e, 4 пары (24 AWG), одножильный (solid), PVC, -20°C – +75°C, зеленый - гарантия: 15 лет компонентная; 25 лет системная",4800,1,"шт.",4800,null,50,50,50,50]
[2,null,"Кабель ВВГнг-LS 3x1.5 плоский",29,40,"м.",1160,null,50,50,50,50]
[3,null,"Провод ШВВП 2x0,75",12,100,"м.",1200,null,50,50,50,50]
["сумма:",null,null,null,null,null,7160,null,50,50,50,50]
["Крепёж, расходники",null,null,null,null,null,null,null,50,50,50,50]
[1,null,"91920 Труба гибкая гофрированная 20 мм из самозатухающего ПВХ-пластиката, лёгкая со стальной протяжкой, цвет серый (RAL 7035), от -5C до +60С",8,200,"м.",1600,null,50,50,50,50]
[2,null,"Держатель - клипса для труб д.20мм (250)",2,200,"шт.",400,null,50,50,50,50]
[3,null,"Коробка распределительная 85x85x40 квадратная 6 вводов IP54 о/п",45,5,"шт.",225,null,50,50,50,50]
[4,30008,"Кабель-канал пл.б/пер.20х12,5",51,26,"м.",1326,null,50,50,50,50]
[5,null,"Дополнительный крепёж",5000,1,"шт.",5000,null,50,50,50,50]
["сумма:",null,null,null,null,null,8551,null,50,50,50,50]
["общая сумма за оборудование и материалы",null,null,null,null,null,86032.206200000001,null,50,50,50,50]
["№","наименование","цена ",null,"кол-во","ед.","сумма",null,50,50,50,50]
["Работы. Монтаж оборудования"]
[1,null,"Монтаж и расключка контроллера",2600,5,"шт.",13000]
[3,null,"Монтаж считывателя",550,10,"шт.",5500]
[4,null,"Монтаж электромагнитного замка",2400,5,"шт.",12000]
[5,null,"Монтаж извещателя",350,5,"шт.",1750]
[6,null,"Монтаж блока питания (установка и подключение аккумуляторов)",850,5,"шт.",4250]
["сумма:",null,null,null,null,null,36500]
["Работы. Кабельные работы"]
[1,null,"Укладка кабелей СКУД на стяжки в гофре",30,305,"м.",9150]
[2,null,"Укладка силовых кабелей",35,140,"м.",4900]
[3,null,"Монтаж кабельного канала менее 70мм",45,26,"м.",1170]
["сумма:",null,null,null,null,null,15220]
["Работы. Подключение и настройка оборудования"]
[1,null,"Пусконаладка системы СКУД",7000,1,"шт.",7000]
["сумма:",null,null,null,null,null,7000]
["Общая сумма за работы:",null,null,null,null,null,58720]
["Итого с учетом работ, оборудования и материалов",null,null,null,null,null,144752.20620000002]
["В том числе НДС 18%",null,null,null,null,null,22080.845013559323]

{"sheet":"Звук Bose","index":4,"n_rows":38,"n_cols":13,"rows_kept":38,"cut":false,"hidden":false,"merged":[[37,0,37,5],[26,2,26,3],[27,0,27,6],[34,0,34,5],[35,0,35,5],[36,0,36,5],[3,0,3,1],[6,0,6,6],[15,0,15,6],[18,0,18,5],[0,0,0,3],[1,0,1,4],[2,0,2,4],[5,0,5,6],[7,0,7,6],[19,0,19,6],[24,0,24,5],[25,0,25,5],[14,0,14,5],[10,0,10,6]]}
[]
[]
[]
[]
[]
[]
[]
[]
[null,null,null,null,null,null,null,null,200,200,200,200,200]
["№","Каталожный номер","наименование","цена ","кол-во","ед.","сумма",null,200,200,200,200,200]
["Оборудование",null,null,null,null,null,null,null,200,200,200,200,200]
[1,"FreeSpace® DS16F flush-mount\nloudspeaker","Встраиваемая акустическая\nсистема.",6990,6,"шт.",41940,null,200,200,200,200,200]
[2,"FreeSpace® DXA 2120 Mixer Amplifier 230V","Усилитель-микшер",79990,1,"шт.",79990,null,200,200,200,200,200]
[3,"FreeSpace® 16 Tile Bridge","Крепежная пластина",7990,1,"компл.",7990,null,200,200,200,200,200]
["сумма:",null,null,null,null,null,129920,null,200,200,200,200,200]
["Материалы",null,null,null,null,null,null,null,200,200,200,200,200]
[1,null,"Кабель акустический 2х2.5 кв.мм",58,150,"м.",8700,null,200,200,200,200,200]
[2,null,"Провод ШВВП 2x0,75",12,50,"м.",600,null,200,200,200,200,200]
["сумма:",null,null,null,null,null,8700,null,200,200,200,200,200]
["Крепеж и расходники",null,null,null,null,null,null,null,200,200,200,200,200]
[1,null,"91920 Труба гибкая гофрированная 20 мм из самозатухающего ПВХ-пластиката, лёгкая со стальной протяжкой, цвет серый (RAL 7035), от -5C до +60С",8,200,"м.",1600,null,200,200,200,200,200]
[2,null,"Держатель - клипса для труб д.20мм (250)",2,200,"шт.",400,null,200,200,200,200,200]
[3,null,"Кабели коммутационные акустические",135,4,"шт.",540,null,200,200,200,200,200]
[4,null,"Дополнительный крепёж",5000,1,"шт.",5000,null,200,200,200,200,200]
["сумма:",null,null,null,null,null,7540,null,200,200,200,200,200]
["общая сумма за оборудование и материалы",null,null,null,null,null,146160,null,200,200,200,200,200]
["№","наименование","цена ",null,"кол-во","ед.","сумма",null,200,200,200,200,200]
["Работы. Кабельные работы",null,null,null,null,null,null,null,200,200,200,200,200]
[1,null,"Подготовка кабеля за 1 м (размотка, маркировка, отмерение длины, нарезка)",2.5,200,"м.",500,null,200,200,200,200,200]
[2,null,"Укладка кабелей СФН в гофре на стяжки",28,150,"м.",4200,null,200,200,200,200,200]
[3,null,"Укладка силовых кабелей",35,50,"м.",1750,null,200,200,200,200,200]
[4,null,"Монтаж, подключение звуковых колонок потолочных на высоте более 3 метров",1350,6,"шт.",8100,null,200,200,200,200,200]
[5,null,"Монтаж, подключение микшера-усилителя",2000,1,"шт.",2000,null,200,200,200,200,200]
[6,null,"Пуско-наладка системы фонового звучания",6000,1,"шт.",6000,null,200,200,200,200,200]
["сумма:",null,null,null,null,null,22550,null,200,200,200,200,200]
["Общая сумма за работы:",null,null,null,null,null,22550,null,200,200,200,200,200]
["Итого с учетом работ, оборудования и материалов",null,null,null,null,null,168710]
["В том числе НДС 18%",null,null,null,null,null,25735.423728813559]

{"sheet":"Видеокамеры","index":5,"n_rows":19,"n_cols":12,"rows_kept":19,"cut":false,"hidden":false,"merged":[[13,0,13,5],[14,0,14,5],[7,0,7,6],[8,0,8,6],[10,0,10,6],[6,0,6,6],[0,0,0,4],[1,0,1,5],[2,0,2,5],[3,0,3,1],[5,0,5,6]]}
[]
[]
[]
[null,null,null,null,null,null,null,7,7,7,7,7]
[null,null,null,null,null,null,null,7,7,7,7,7]
[null,null,null,null,null,null,null,7,7,7,7,7]
[null,null,null,null,null,null,null,7,7,7,7,7]
["Система видеонаблюдения",null,null,null,null,null,null,7,7,7,7,7]
[null,null,null,null,null,null,null,7,7,7,7,7]
["№","Каталожный номер","наименование","цена ","кол-во","ед.","сумма",7,7,7,7,7]
["Оборудование и материалы",null,null,null,null,null,null,7,7,7,7,7]
[1,"DS-2CD2632F-IS","DS-2CD2632F-IS — 3Мп Full HD 1080P, Уличная (от -40 до +60) IP-камера день/ночь с ИК-подсветкой (до 30 метров), DWDR, АРД, механический ИК фильтр, варифокальный объектив 2,8-12 мм, 0.07лк @ F1.2, 0 Люкс с ИК, DWDR, 3D DNR, видео H.264/MJPEG с разрешением 2048x1536-20к/с, 1920х1080-25к/с, поток 32кб/с-16Мб/с, поддержка двух потоков, двусторонний звук, запись на SD, питание 12В или через Ethernet (PoE). Профессиональное ПО TRASSIR в подарок.",20121,7,"шт.",140847,7,7,7,7,7]
[2,"DS-2CD2732F-IS","DS-2CD2732F-IS — 3Мп Full HD 1080P, Купольная вандалозащищенная  IP-камера, уличная (от -40 до +60), день/ночь с ИК-подсветкой (до 30 метров), DWDR, АРД, механический ИК фильтр, варифокальный объектив 2,8-12 мм,  0.07лк @ F1.2, 0 Люкс с ИК, 3D DNR, видео H.264/MJPEG с разрешением 2048x1536-20к/с, 1920х1080-25к/с, поток 32кб/с-16Мб/с, поддержка двух потоков, двусторонний звук, запись на SD, питание 12В или через Ethernet (PoE). Профессиональное ПО TRASSIR в подарок.",20121,18,"шт.",362178,7,7,7,7,7]
["Итого за оборудование:",null,null,null,null,null,503025,7,7,7,7,7]
["В том числе НДС 18%",null,null,null,null,null,76732.627118644072,7,7,7,7,7]
[null,null,null,null,null,null,null,7,7,7,7,7]
[null,null,null,null,null,null,null,7,7,7,7,7]
[null,null,null,null,null,null,null,7,7,7,7,7]
[null,null,null,null,null,null,null,7,7,7,7,7]